000 00506nam a2200181Ia 4500
005 20250624121351.0
008 008 250516s9999 xx 000 0 eng d
020 _a9789058093691
040 _beng
_cSDCL
041 _aeng
_2eng
084 _aB334 P2
100 _aWazwaz, Abdul-Majid
_9457183
245 0 _aPartial differential equations :
_bMethods and applications
260 _aLisse :
_bA.A. Balkema publishers,
_c2002.
300 _axi, 459p.
650 _aMathematics
942 _cTEXL
_2CC
999 _c1429626
_d1429626